Normal view
MARC view
- Skorupka A.
Entry Personal Name
001 - CONTROL NUMBER
- control field: 24748
003 - CONTROL NUMBER IDENTIFIER
- control field: IT-RoPau
005 - DATE AND TIME OF LATEST TRANSACTION
- control field: 20140512223640.0
008 - FIXED-LENGTH DATA ELEMENTS
- fixed length control field: 140512|| aca||aabn | a|a d
040 ## - CATALOGING SOURCE
- Original cataloging agency: IT-RoPau
- Transcribing agency: IT-RoPau
100 ## - HEADING--PERSONAL NAME
- Personal name: Skorupka A.
- Dates associated with a name: Codice autore musica SPICS: 25433
- Relator term: Autore musica
- Name of part/section of a work: Milosc Sprzed Lat
670 ## - SOURCE DATA FOUND
- Source citation: Work cat.: (IT-RoPau)102485: AA.VV. 794, Z Archiwum Polskiego Beatu vol. 2 (Lp Sx 2199)